00387nam a2200121Ia 4500008004100000245004300041245001800084260000900102650001400111856004800125999001900173952007300192171211s9999 xx 000 0 und d aHow to Beat the I.R.S. at Its Own Game cAmir D. Aczel c1996 xEconomics uhttp://down.ebook777.com/064/1568580487.pdf c348108d348108 001040aCLbCLd2017-12-11l0r2017-12-11 00:00:00w2017-12-11yCBE